Badan kita
| Main Author: | |
|---|---|
| Format: | Book |
| Published: |
Petaling Jaya :
Penerbit Prisma Sdn. Bhd. ,
1992
|
| Subjects: |
MARC
| LEADER | 00000cam a2200000 7i4500 | ||
|---|---|---|---|
| 001 | 0000007810 | ||
| 002 | 000008380 | ||
| 005 | .0 | ||
| 020 | |a 9839665367 | ||
| 090 | 0 | 0 | |a J 372.6 |b NOR |
| 100 | 0 | |a Noraini Zakaria | |
| 245 | 1 | 0 | |a Badan kita |c Noraini Zakaria |
| 260 | |a Petaling Jaya : |b Penerbit Prisma Sdn. Bhd. , |c 1992 | ||
| 300 | |a 69 p. ; |c 12 cm. | ||
| 650 | 0 | 0 | |a Body, human |x Juvenile literature |
| 999 | |a 052978 |b BUKU |c PINJAMAN |e PERPUSTAKAAN KOMUNITI PETALING JAYA | ||